| 000 | 01103nam a22002057a 4500 | ||
|---|---|---|---|
| 999 |
_c62386 _d62386 |
||
| 003 | Ge_BSU | ||
| 005 | 20241021102113.0 | ||
| 008 | 241021s1980 ge ||||| |||| 00| 0 geo d | ||
| 041 | _ageo | ||
| 080 | _a612(075.8) : 591.1(075.8) გ-13 | ||
| 100 |
_aგაბუნია, დავით _923462 |
||
| 245 |
_aადამიანისა და ცხოველთა ფიზიოლოგია : _b[სახელმძღვ. პედ. ინ-ტების სტუდ.] / _cდავით გაბუნია, თეიმურაზ ნამორაძე. |
||
| 264 |
_aთბ. : _bგანათლება, _c1980. |
||
| 300 |
_a297 გვ. : _b ილ. ; _c23 სმ. |
||
| 653 | _aადამიანის ფიზიოლოგია | ||
| 653 | _aცხოველთა ფიზიოლოგია | ||
| 700 |
_aნამორაძე, თეიმურაზ _eავტორი _922628 |
||
| 856 |
_uhttps://dspace.nplg.gov.ge/bitstream/1234/430192/1/Adamianisa_Da_Cxovelta_Fiziologia.pdf _yელ. ვერსია |
||
| 942 |
_2udc _cᲬᲘᲒᲜᲘ |
||